| Tag |
First Indicator |
Second Indicator |
Subfields |
| LEADER |
00000cam a2200000 4500 |
| 001 |
in00000093286 |
| 005 |
20150927070131.0 |
| 008 |
761207s1948 xx 00000 eng |
| 010 |
|
|
|a 48001023
|
| 035 |
|
|
|a (OCoLC)02604989
|
| 035 |
|
|
|9 AAL5124AM
|
| 040 |
|
|
|a DLC
|c OHI
|d TXA
|d UtOrBLW
|
| 049 |
|
|
|a TXAM
|c [153292]
|
| 050 |
|
0 |
|a TR290
|b .J3 1948
|
| 082 |
0 |
|
|a 770.283
|
| 100 |
1 |
|
|a Jacobsohn, Kurt,
|d 1906-
|
| 245 |
1 |
0 |
|a Developing :
|b the technique of the negative /
|c by C. I. Jacobson [pseudonym].
|
| 264 |
|
1 |
|a New York :
|b Focal Press,
|c [1948]
|
| 300 |
|
|
|a xxvi, 320 pages :
|b illustrations ;
|c 20 cm.
|
| 336 |
|
|
|a text
|b txt
|2 rdacontent
|
| 337 |
|
|
|a unmediated
|b n
|2 rdamedia
|
| 338 |
|
|
|a volume
|b nc
|2 rdacarrier
|
| 490 |
1 |
|
|a The Manuals of photo technique
|
| 500 |
|
|
|a First edition, 1940, has title: Developing the negative-technique.
|
| 650 |
|
0 |
|a Photography
|x Negatives.
|
| 650 |
|
0 |
|a Photography
|x Developing and developers.
|
| 830 |
|
0 |
|a Manuals of photo-technique.
|
| 999 |
|
|
|a MARS
|
| 999 |
f |
f |
|s afd25a56-12c1-374a-8778-dc31ac659123
|i 21461fee-7eed-3bee-86b7-efce652e1c1f
|t 0
|
| 952 |
f |
f |
|p ric
|a Texas A&M University
|b Rellis Campus
|c Joint Library Facility
|d Remote Storage
|t 0
|e TR290 .J3 1948
|h Library of Congress classification
|i unmediated -- volume
|m A14805626272
|
| 998 |
f |
f |
|a TR290 .J3 1948
|t 0
|l Remote Storage
|